| 000 | 01087nam a2200277Ia 4500 | ||
|---|---|---|---|
| 999 |
_c5754 _d5754 |
||
| 003 | OSt | ||
| 005 | 20200326111723.0 | ||
| 008 | 191128s1970 ck fr 000 0 spa d | ||
| 040 |
_aCO-JMCR _cCO-JMCR |
||
| 041 | 0 | _aspa | |
| 082 | 0 | 4 |
_a320.1 / _bA478i _221 |
| 100 | 1 |
_aAlthusser, Louis, _eautor _91913 |
|
| 245 | 1 | 0 |
_aIdeología y aparatos ideológicos de estado / _cLouis Althusser y Luciano Gruppi |
| 250 | _aPrimera edición | ||
| 260 |
_aMedellín : _bEdiciones Pepe, _c1970 |
||
| 300 |
_a95 páginas ; _c17 cm. |
||
| 505 | 0 | _aPresentación de la tesis de Althusser sobre la reproducción y la ideología, publicadas bajo el título Ideología y aparatos ideológicos del estado -- Ideología y aparatos ideológicos del estado -- Althusser, ideología y aparatos ideológicos del estado | |
| 650 | 1 | 4 |
_aEstado _xideologías _91914 |
| 650 | 1 | 4 |
_aMaterialismo dialéctico _91915 |
| 650 | 1 | 4 |
_aEstado _91814 |
| 650 | 1 | 4 |
_aLuchas sociales _91613 |
| 650 | 1 | 4 |
_aMarxismo _91916 |
| 650 | 1 | 4 |
_aClases sociales _91748 |
| 700 | 1 |
_aGruppi, Luciano, _eautor _91917 |
|
| 942 |
_2ddc _cBK |
||